Fat-Hud-Dayyan : (Record no. 3610)
[ view plain ]
| 000 -LEADER | |
|---|---|
| fixed length control field | 00628nam a22002057a 4500 |
| 003 - CONTROL NUMBER IDENTIFIER | |
| control field | LK-CoMWRAF |
| 005 - DATE AND TIME OF LATEST TRANSACTION | |
| control field | 20230922163309.0 |
| 008 - FIXED-LENGTH DATA ELEMENTS--GENERAL INFORMATION | |
| fixed length control field | 230922b1963 |||||||| |||| 00| 0 eng d |
| 040 ## - CATALOGING SOURCE | |
| Original cataloging agency | LK-CoMWRAF |
| Modifying agency | LK-CoMWRAF |
| Description conventions | LK-CoMWRAF |
| 041 ## - LANGUAGE CODE | |
| Language code of text/sound track or separate title | English |
| 082 ## - DEWEY DECIMAL CLASSIFICATION NUMBER | |
| Classification number | 297 |
| Item number | LEB |
| 942 ## - ADDED ENTRY ELEMENTS (KOHA) | |
| Koha item type | Books |
| 100 ## - MAIN ENTRY--PERSONAL NAME | |
| Personal name | Lebbai, Sayyid Muhammad Ibn Ahmad |
| 700 ## - ADDED ENTRY--PERSONAL NAME | |
| Personal name | Aniff-Doray, Saifuddin J. |
| Relator Term | translator |
| 245 ## - TITLE STATEMENT | |
| Title | Fat-Hud-Dayyan : |
| Remainder of title | Ffi fiqhi khairil adyan |
| 260 ## - PUBLICATION, DISTRIBUTION, ETC. (IMPRINT) | |
| Place of publication, distribution, etc. | Colombo : |
| Name of publisher, distributor, etc. | Al-Quran publication committe |
| Date of publication, distribution, etc. | 1963 |
| 650 ## - SUBJECT ADDED ENTRY--TOPICAL TERM | |
| Topical term or geographic name as entry element | Islam -- Doctrines; Islamic law |
| 650 ## - SUBJECT ADDED ENTRY--TOPICAL TERM | |
| Topical term or geographic name as entry element | Jurisprudence - Islamic countries |
| 650 ## - SUBJECT ADDED ENTRY--TOPICAL TERM | |
| Topical term or geographic name as entry element | Islam - Doctrines |
| Withdrawn status | Lost status | Damaged status | Not for loan | Permanent Location | Current Location | Date acquired | Full call number | Barcode | Koha item type |
|---|---|---|---|---|---|---|---|---|---|
| Resource center, Muslim Women's Research And Action Forum | Resource center, Muslim Women's Research And Action Forum | 2023-09-22 | 297 LEB | RAF1260 | Books | ||||
| Resource center, Muslim Women's Research And Action Forum | Resource center, Muslim Women's Research And Action Forum | 2023-09-22 | 297 LEB | RAF1264 | Books |

